000 00305nam a2200133Ia 4500
008 240624s9999 xx 000 0 und d
041 _aeng
082 _a823 BAS
100 _aBASU DIKSHA
245 _aOPENING NIGHT
260 _c2012
_aNew Delhi
_bHarperCollins
300 _a288 : p.
365 _cRS
_b25
999 _c19276
_d19276